<?xml version="1.0" encoding="UTF-8"?>
<collection xmlns="http://www.loc.gov/MARC21/slim">
 <record>
  <leader>01704aam a22004218a 4500</leader>
  <controlfield tag="001">000008238</controlfield>
  <controlfield tag="003">4423</controlfield>
  <controlfield tag="005">20120312070319.0</controlfield>
  <controlfield tag="008">111014s2008                        viesd</controlfield>
  <datafield tag="020" ind1=" " ind2=" ">
   <subfield code="c">43500đ</subfield>
   <subfield code="d">1000b</subfield>
  </datafield>
  <datafield tag="041" ind1="1" ind2=" ">
   <subfield code="a">vie</subfield>
   <subfield code="h">eng</subfield>
  </datafield>
  <datafield tag="082" ind1="1" ind2="4">
   <subfield code="2">14</subfield>
   <subfield code="a">530.1</subfield>
   <subfield code="b">HA-D</subfield>
  </datafield>
  <datafield tag="100" ind1="1" ind2=" ">
   <subfield code="a">Halliday, David</subfield>
  </datafield>
  <datafield tag="245" ind1="1" ind2="0">
   <subfield code="a">Cơ sở vật lí</subfield>
   <subfield code="c">David Halliday, Robert Resnick, Jearl Walker ; Dịch: Đàm Trung Đồn (ch.b.)...</subfield>
   <subfield code="n">T.4</subfield>
   <subfield code="p">Điện học</subfield>
  </datafield>
  <datafield tag="250" ind1=" " ind2=" ">
   <subfield code="a">Tái bản lần thứ 8</subfield>
  </datafield>
  <datafield tag="260" ind1=" " ind2=" ">
   <subfield code="a">H.</subfield>
   <subfield code="b">Giáo dục</subfield>
   <subfield code="c">2008</subfield>
  </datafield>
  <datafield tag="300" ind1=" " ind2=" ">
   <subfield code="a">295tr.</subfield>
   <subfield code="b">minh hoạ</subfield>
   <subfield code="c">27cm</subfield>
  </datafield>
  <datafield tag="504" ind1=" " ind2=" ">
   <subfield code="a">Phụ lục: tr. 266-283</subfield>
  </datafield>
  <datafield tag="520" ind1=" " ind2=" ">
   <subfield code="a">Trình bày kiến thức cơ bản điện tích, điện trường, định luật Gauss, điện thế, điện dung, dòng điện và điện trở, mạch điện kèm theo bài tập, bài toán mẫu mỗi chương</subfield>
  </datafield>
  <datafield tag="650" ind1=" " ind2="7">
   <subfield code="2">Bộ TK TVQG</subfield>
   <subfield code="a">Vật lí</subfield>
  </datafield>
  <datafield tag="650" ind1=" " ind2="7">
   <subfield code="2">Bộ TK TVQG</subfield>
   <subfield code="a">Điện học</subfield>
  </datafield>
  <datafield tag="700" ind1="1" ind2=" ">
   <subfield code="a">Resnick, Robert</subfield>
  </datafield>
  <datafield tag="700" ind1="1" ind2=" ">
   <subfield code="a">Walker, Jearl</subfield>
  </datafield>
  <datafield tag="700" ind1="1" ind2=" ">
   <subfield code="a">Đàm Trung Đồn</subfield>
   <subfield code="e">ch.b. dịch</subfield>
  </datafield>
  <datafield tag="700" ind1="1" ind2=" ">
   <subfield code="a">Hoàng Hữu Thư</subfield>
   <subfield code="e">ch.b. dịch</subfield>
  </datafield>
  <datafield tag="700" ind1="1" ind2=" ">
   <subfield code="a">Lê Khắc Bình</subfield>
   <subfield code="e">dịch</subfield>
  </datafield>
  <datafield tag="773" ind1=" " ind2=" ">
   <subfield code="b">Tái bản lần thứ 10</subfield>
   <subfield code="d">H.</subfield>
   <subfield code="d">2010</subfield>
   <subfield code="d">Giáo dục</subfield>
   <subfield code="t">Cơ sở vật lí</subfield>
   <subfield code="w">444191</subfield>
  </datafield>
  <datafield tag="773" ind1=" " ind2=" ">
   <subfield code="t">Cơ sở vật lí</subfield>
   <subfield code="w">4420</subfield>
  </datafield>
  <datafield tag="OWN" ind1=" " ind2=" ">
   <subfield code="a">LSP</subfield>
  </datafield>
  <datafield tag="AVA" ind1=" " ind2=" ">
   <subfield code="a">UDN50</subfield>
   <subfield code="b">LSP</subfield>
   <subfield code="d">530.1 HA-D</subfield>
   <subfield code="e">available</subfield>
   <subfield code="t">Error 5001 Not defined in file expand_doc_bib_avail.</subfield>
   <subfield code="f">9</subfield>
   <subfield code="g">0</subfield>
   <subfield code="h">N</subfield>
   <subfield code="i">0</subfield>
   <subfield code="k">1</subfield>
  </datafield>
  <datafield tag="999" ind1=" " ind2=" ">
   <subfield code="a">From the UDN01</subfield>
  </datafield>
  <datafield tag="AVA" ind1=" " ind2=" ">
   <subfield code="a">UDN50</subfield>
   <subfield code="b">LSP</subfield>
   <subfield code="d">530.1 HA-D</subfield>
   <subfield code="e">available</subfield>
   <subfield code="t">Error 5001 Not defined in file expand_doc_bib_avail.</subfield>
   <subfield code="f">9</subfield>
   <subfield code="g">0</subfield>
   <subfield code="h">N</subfield>
   <subfield code="i">0</subfield>
   <subfield code="k">1</subfield>
  </datafield>
  <datafield tag="TYP" ind1=" " ind2=" ">
   <subfield code="a">Monograph</subfield>
  </datafield>
  <datafield tag="TYP" ind1=" " ind2=" ">
   <subfield code="a">Printed language</subfield>
  </datafield>
  <datafield tag="980" ind1=" " ind2=" ">
   <subfield code="a">Mạng thư viện Đại học Đà Nẵng</subfield>
  </datafield>
 </record>
</collection>
